000 00604nam a2200241Ia 4500
003 OSt
005 20220924152025.0
006 a|||||r|||| 00| 0
007 ta
008 220923b |||||||| |||| 00| 0 mar d
024 _a340474
037 _cTextual
040 _aARTS
_cARTS
_bmar
041 _2mar
_amar
082 _aO155,2N25,1, L4
100 _aDalvi J. Au.
_9225613
245 0 _aSandhyachhaya
260 _c1974
300 _a73p.
_ccm.
650 _aMARATHI LITERATURE
_938000
942 _hO155,2N25,1, L4
_cTEXL
_2CC
999 _c468446
_d468446